书目信息 |
| 题名: |
金属矿床地下开采
|
|
| 作者: | 李建波 | |
| 分册: | ||
| 出版信息: | 北京 冶金工业出版社 2011.07 |
|
| 页数: | 314页 | |
| 开本: | 26cm | |
| 丛书名: | ||
| 单 册: | ||
| 中图分类: | TD853 | |
| 科图分类: | ||
| 主题词: | 金属矿开采 | |
| 电子资源: | ||
| ISBN: | 978-7-5024-5571-2 | |
| 000 | 00612nam0 2200205 450 | |
| 001 | 3746 | |
| 005 | 20160926153914.67 | |
| 010 | @a978-7-5024-5571-2@b平装@dCNY42.00 | |
| 100 | @a20151002d2011 km y0chiy0120 ea | |
| 101 | 0 | @achi |
| 102 | @aCN@b110000 | |
| 200 | 1 | @a金属矿床地下开采@Ajin shu kuang chuang di xia kai cai@f李建波@Fli jian bo |
| 210 | @a北京@c冶金工业出版社@d2011.07 | |
| 215 | @a314页@d26cm | |
| 330 | @a金属矿开采·地下开采·高等职业教育·教材 | |
| 606 | 0 | @a金属矿开采 |
| 690 | @aTD853@v4 | |
| 701 | 0 | @a李建波@Ali jian bo |
| 801 | 0 | @aCN@b唐山师范学院图书馆@c20151002 |
| 905 | @aZUCC@dTD853@e37 | |
| 金属矿床地下开采/李建波.-北京:冶金工业出版社,2011.07 |
| 314页;26cm |
| ISBN 978-7-5024-5571-2(平装):CNY42.00 |
| 金属矿开采·地下开采·高等职业教育·教材 |
| ● |
| 相关链接 |
|
|
|
|
正题名:金属矿床地下开采
索取号:TD853/37
 
预约/预借
| 序号 | 登录号 | 条形码 | 馆藏地/架位号 | 状态 | 备注 |
| 1 | 906420 | 209064206 | 第二样本阅览室/ [索取号:TD853/37] | 在馆 | |
| 2 | 906421 | 209064215 | 第三借阅区/ [索取号:TD853/37] | 在馆 | |
| 3 | 906422 | 209064224 | 第三借阅区/ [索取号:TD853/37] | 在馆 | |
| 4 | 906423 | 209064233 | 第三借阅区/ [索取号:TD853/37] | 在馆 |